| 000 | 00836nam a2200229 a 4500 | ||
|---|---|---|---|
| 001 | 000034959 | ||
| 005 | 20200930074019.0 | ||
| 008 | 111024s1961 es 000 0 spa d | ||
| 040 |
_aDO-SdBNP _bspa _cBNPHU |
||
| 082 |
_a330.973 _bG148L |
||
| 100 | 1 |
_aGalbraith, John Kenneth, _d1908-2006 _95542 |
|
| 240 | 1 | 4 |
_aThe liberal hour _linglés |
| 245 | 1 | 3 |
_aLa hora liberal / _cJohn Kenneth Galbraith ; truductor Carlos Grau Petit. |
| 260 |
_aBarcelona : _bEdiciones Ariel, _c1961. |
||
| 300 |
_a222 p. ; _c23 cm. |
||
| 490 | 1 |
_aZetein-estudios y ensayos _v1 |
|
| 504 | _aIncluye referencias bibliográficas y notas al pie de las páginas | ||
| 651 | 4 |
_aEstados Unidos _xCondiciones Económicas _916082 |
|
| 700 | 1 | 2 |
_aGrau Petit, Carlos _960550 |
| 830 | 0 |
_aZetein-estudios y ensayos _n1 _960551 |
|
| 910 | _aValidado. Control de calidad MFF | ||
| 999 |
_c34450 _d34450 |
||